Länder Der Welt Beginnend Mit I, J, K und L - Statistiken

Allgemein
  • Dieses Quiz wurde 418 mal gespielt
    370 seit der letzten Aktualisierung
  • Das Durchschnittsergebnis liegt bei 30 aus 36
Antworten auf der Karte
Die Antworten werden auf der Karte rot bzw. grün angezeigt, abhängig davon wie oft sie richtig erraten wurden.
 
Antwortstatistiken
Antwort % Korrekt
Indonesien
93%
Island
93%
Jemen
93%
Indien
92%
Irland
92%
Kasachstan
92%
Irak
90%
Iran
90%
Lettland
90%
Jordanien
89%
Litauen
89%
Japan
88%
Kanada
88%
Kolumbien
88%
Italien
87%
Luxemburg
87%
Laos
86%
Israel
85%
Kamerun
84%
Kirgisistan
84%
Jamaika
83%
Kroatien
82%
Libyen
82%
Kenia
81%
Liechtenstein
81%
Liberia
79%
Lesotho
79%
Libanon
78%
Komoren
77%
Kuba
76%
Kambodscha
75%
Kiribati
75%
Kap Verde
72%
Kuwait
70%
Katar
68%
Kosovo
68%
Keine übereinstimmenden Quizze gefunden
Verteilung der Resultate
Anzahl Personen mit jedem Resultat
Perzentil nach korrekt beantworteten Fragen
Ihre Resultats-Entwicklung
Sie haben dieses Quiz seit der letzten Aktualisierung nicht gespielt